Application of Semi-Distributed model for Hydrological Assessment under Changing Climate-A Case study of Panjkora River Catchment / (Record no. 525646)
[ view plain ]
| 000 -LEADER | |
|---|---|
| fixed length control field | 00667nam a22001937a 4500 |
| 003 - CONTROL NUMBER IDENTIFIER | |
| control field | NUST |
| 005 - DATE AND TIME OF LATEST TRANSACTION | |
| control field | 20190703105359.0 |
| 008 - FIXED-LENGTH DATA ELEMENTS--GENERAL INFORMATION | |
| fixed length control field | 190703b ||||| |||| 00| 0 eng d |
| 038 ## - RECORD CONTENT LICENSOR | |
| Staff Name | Mr.Zahoor |
| 082 ## - DEWEY DECIMAL CLASSIFICATION NUMBER | |
| Classification number | 628.142 |
| 100 ## - MAIN ENTRY--PERSONAL NAME | |
| Personal name | Zafar, Haseeb |
| 9 (RLIN) | 16577 |
| 245 ## - TITLE STATEMENT | |
| Title | Application of Semi-Distributed model for Hydrological Assessment under Changing Climate-A Case study of Panjkora River Catchment / |
| Statement of responsibility, etc. | Haseeb Zafar |
| 260 ## - PUBLICATION, DISTRIBUTION, ETC. | |
| Place of publication, distribution, etc. | Islamabad : |
| Name of publisher, distributor, etc. | SCEE - NUST, |
| Date of publication, distribution, etc. | 2019. |
| 300 ## - PHYSICAL DESCRIPTION | |
| Extent | xix, 69 p. : ill. ; |
| Dimensions | 30cm. |
| 500 ## - GENERAL NOTE | |
| General note | Hardcover. |
| 650 ## - SUBJECT ADDED ENTRY--TOPICAL TERM | |
| Topical term or geographic name entry element | Water Resources Engineering and Management - Ms Thesis |
| 9 (RLIN) | 16567 |
| 700 ## - ADDED ENTRY--PERSONAL NAME | |
| Personal name | Dr. Shakil Ahmad |
| 9 (RLIN) | 16568 |
| 942 ## - ADDED ENTRY ELEMENTS (KOHA) | |
| Source of classification or shelving scheme | |
| Koha item type | Thesis |
| Withdrawn status | Lost status | Source of classification or shelving scheme | Damaged status | Not for loan | Permanent Location | Current Location | Shelving location | Date acquired | Total Checkouts | Full call number | Barcode | Date last seen | Price effective from | Koha item type |
|---|---|---|---|---|---|---|---|---|---|---|---|---|---|---|
| Central Library (CL) | Central Library (CL) | Thesis | 07/03/2019 | 628.142 | CL-T-2019 | 07/05/2019 | 07/03/2019 | Thesis |
